| 000 | 00741nam a2200241 i 4500 | ||
|---|---|---|---|
| 001 | 8635 | ||
| 003 | ES-MaACL | ||
| 005 | 20250629082005.0 | ||
| 007 | t| | ||
| 008 | 920817s1990 sp ||||1| spa d | ||
| 020 | _a84-505-9477-4 | ||
| 080 | _a86-14"19" | ||
| 080 | _a86(Yagüe Bosch,J.7 M.01) | ||
| 100 | 0 |
_aYagüe Bosch, Javier, _d1963- _9117535 |
|
| 245 | 1 | 0 |
_aMemorial de los pájaros / _cJavier Yagüe Bosch. |
| 260 |
_aTalavera de la Reina : _bAyuntamiento, _c1990. |
||
| 300 |
_a68 p. ; _c21 cm. |
||
| 490 | 1 |
_aColección Melibea ; _v30 |
|
| 710 | 1 |
_aTalavera de la Reina. _bAyuntamiento _96902 |
|
| 830 | 0 |
_aColección Melibea ; _v30 _9178216 |
|
| 852 |
_aES-MaACL _jL-16117 _bR.118480 |
||
| 999 |
_c8635 _d8635 |
||